01251nam a22002657a 4500999001500000001000500015003000900020005001700029008004100046040003800087082002000125100002800145245013500173250001200308260004100320300002400361650003800385700002800423700003200451942001200483952011800495952013600613952011800749952011800867 c1312d13129458BD-DhUAP20200205124557.0200205s2007 bg b 000 0 eng d aBD-DhUAPbEngcBD-DhUAPdBD-DhUAP00223a343.052 MAH aMahmud, Monjur Morshed. aIncome tax : bincluding gift tax & value added tax /cMonjur Morshed Mahmud, Kanchan Kumar Purohit and Milan Kumar Bhattacharjee. a4th ed. aDhaka :bPadma prokashoni,c2007.  a420 pages ;c24 cm. 0aIncome tax vLaw and legislation. aPurohit, Kanchan Kumar. aBhattacharjee, Milan Kumar  2ddccBK 00102ddc4070aUAPCLbUAPCLcGeneral Stacksd2020-02-05o343.052 MAHp3010009458r2020-02-05t1w2020-02-05yBK 00102ddc4070aUAPCLbUAPCLcGeneral Stacksd2020-02-05l1m2o343.052 MAHp3010009456r2025-03-11s2025-01-30t2w2020-02-05yBK 00102ddc4070aUAPCLbUAPCLcGeneral Stacksd2020-02-05o343.052 MAHp3010009455r2020-02-05t3w2020-02-05yBK 00102ddc4070aUAPCLbUAPCLcGeneral Stacksd2020-02-05o343.052 MAHp3010009457r2020-02-05t4w2020-02-05yBK